LEADER 01044nam0-2200337---450- 001 990001503180403321 005 20060619085316.0 010 $a0-471-11590-8 035 $a000150318 035 $aFED01000150318 035 $a(Aleph)000150318FED01 035 $a000150318 100 $a20030409d1997----km-y0itay50------ba 101 0 $aeng 102 $aUS 105 $aa---a---001yy 200 1 $aComputational physics$eproblem solving with computers$fRubin H. Landau, Manuel Josè Paez Mejia$gcontributors Hans Kowallik, Henri Jansen 210 $aNew York [etc.]$cJohn Wiley & Sons$dc1997 215 $axix, 520 p.$cill.$d25 cm$efloppy disk 610 0 $aFisica computazionale 700 1$aLandau,$bRubin H.$060004 701 1$aPaéz Mejía,$bManuel José$0352563 702 1$aJansen,$bHenry 702 1$aKowallik,$bHans 801 0$aIT$bUNINA$gRICA$2UNIMARC 901 $aBK 912 $a990001503180403321 952 $a16C-003$bD.S.F. 7849$fFI1 959 $aFI1 996 $aComputational physics$9377005 997 $aUNINA LEADER 02472 am 2200661 n 450 001 9910619499103321 005 20211203 010 $a2-7297-1359-X 024 7 $a10.4000/books.pul.40352 035 $a(CKB)4100000012897353 035 $a(FrMaCLE)OB-pul-40352 035 $a(oapen)https://directory.doabooks.org/handle/20.500.12854/95173 035 $a(PPN)265625300 035 $a(EXLCZ)994100000012897353 100 $a20221028j|||||||| ||| 0 101 0 $afre 135 $auu||||||m|||| 181 $ctxt$2rdacontent 182 $cc$2rdamedia 183 $acr$2rdacarrier 200 10$aSplendeurs et misères du roman populaire /$fMichel Nathan 210 $aLyon $cPresses universitaires de Lyon$d2021 215 $a1 online resource (240 p.) 225 1 $aLittérature & idéologies 311 $a2-7297-0386-1 330 $aÉchelles de soie, narcotiques et poisons, rapts et disparitions, croix-de-ma-mère, aventuriers et ingénues persécutées : le roman populaire ne tient pas tout entier dans ce bric-à-brac coloré. Rocambole, Fantômas, Fatala et bien d?autres prennent vie sous la plume de puissants chefs d?entreprise ou de modestes manoeuvres des lettres. Les articles réunis dans ce volume évoquent sans irrespect ni dévotion les grandes heures du feuilleton et des livraisons à bon marché où prit corps en quelques lieux, certes communs, mais fondamentaux, toute une forêt de fantasmes : la mise en scène à grand spectacle de la détresse ou le triomphe tonitruant du courage et des « bonnes causes ». 606 $aLiterature (General) 606 $aXIXe siècle 606 $aspectacle 606 $afeuilleton 606 $alivraison 606 $aroman de gare 606 $aRocambole 606 $aFantômas 606 $aFatala 610 $aXIXe siècle 610 $aspectacle 610 $afeuilleton 610 $alivraison 610 $aroman de gare 610 $aRocambole 610 $aFantômas 610 $aFatala 615 4$aLiterature (General) 615 4$aXIXe siècle 615 4$aspectacle 615 4$afeuilleton 615 4$alivraison 615 4$aroman de gare 615 4$aRocambole 615 4$aFantômas 615 4$aFatala 700 $aNathan$b Michel$01230653 801 0$bFR-FrMaCLE 906 $aBOOK 912 $a9910619499103321 996 $aSplendeurs et misères du roman populaire$93087349 997 $aUNINA